| 000 | 00873nam a2200241 a 4500 | ||
|---|---|---|---|
| 001 | BRCA_4760 | ||
| 005 | 20190320204807.0 | ||
| 008 | 731116s1939 fr-f#####b---#000-0#eng-# | ||
| 041 | _aeng | ||
| 044 | _afr | ||
| 050 | 4 |
_aND548 _b.T47 1939 |
|
| 100 | 1 |
_aTerrasse, Charles _912037 |
|
| 245 | 1 | 0 |
_aFrench painting in the XXth century _cby Charles Terrasse ; translated from the French by Eveline Byam Shaw ; edited by André Gloekner. |
| 260 |
_aFrancia _bThe Hyperion _c1939 |
||
| 300 |
_a40 p. _bil., 99 láminas blanco y negro y 12 a color _c32 cm. |
||
| 500 | _aIncluye índice de artistas | ||
| 504 | _aBibliografía: p. 29-30 | ||
| 650 | 1 | 4 |
_aPintura francesa _vCatálogos _912038 |
| 650 | 1 | 4 |
_aArte moderno _vExposiciones _xHistoria _ySiglo XX _912039 |
| 700 | 1 |
_aShaw, Eveline Byam _eTraductor _912040 |
|
| 700 | 1 |
_aGloeckner, André _eEditor _912041 |
|
| 942 |
_2lcc _cB |
||
| 999 |
_c4458 _d4458 |
||